01620nam a2200361 a 4500001001200000003000800012006001900020007001500039008004100054020001800095020002700113040002100140035002100161043001200182050002300194100002300217245010300240260004100343300002800384490009800412504005300510505016800563533015200731600003300883610003800916610003500954650003900989655002901028710001701057830004101074856012601115999001701241ebr10404069CaPaEBRm u cr cn|||||||||100918s2010 ne c sb 001 0deng d z9789042030466 z9789042030473 (e-book) aCaPaEBRcCaPaEBR a(OCoLC)654356775 ae-ur---14aRC438b.V67 2010eb1 aVoren, Robert van.10aCold War in psychiatryh[electronic resource] :bhuman factors, secret actors /cRobert van Voren. aAmsterdam :bEditions Rodopi,c2010. axviii, 512 p. :bports.1 aOn the boundary of two worlds : identity, freedom, and moral imagination in the Baltics ;v23 aIncludes bibliographical references and indexes.0 apt. 1. Setting the stage -- pt. 2. The curtain opens -- pt. 3. Act one -- pt. 4. Act two -- pt. 5. The final act -- pt. 6. The curtains close -- pt. 7. Conclusion. aElectronic reproduction.bPalo Alto, Calif. :cebrary,d2013.nAvailable via World Wide Web.nAccess may be limited to ebrary affiliated libraries.10aSabshin, Melvin,d1925-2011.20aAmerican Psychiatric Association.20aWorld Psychiatric Association. 0aPsychiatryzSoviet UnionxHistory. 7aElectronic books.2local2 aebrary, Inc. 0aOn the boundary of two worlds ;v23.40uhttp://site.ebrary.com/lib/rucke/Doc?id=10404069zAn electronic book accessible through the World Wide Web; click to view c81147d81147